| 000 | 00898nam0a22002651 4500 | ||
|---|---|---|---|
| 001 | rc\289227 | ||
| 005 | 20250621021853.0 | ||
| 010 |
_a5-02-016821-1 _9650 |
||
| 035 | _a(NLR Aleph) 005520742 | ||
| 090 |
_a5505401 _c5505401 |
||
| 100 | _a20030307d1990 |||y0rusy50 ca | ||
| 101 | 0 | _arus | |
| 102 | _aRU | ||
| 105 | _ay ||||||||| | ||
| 200 | 1 |
_aСовременный сомалийский язык _f[АН СССР. Ин-т востоковедения] |
|
| 210 |
_aМ. _cНаука _d1990 |
||
| 215 |
_a114, [2] с. _d22 |
||
| 225 | 1 |
_aЯзыки народов Азии и Африки _eСер. осн. Г.П. Сердюченко в 1959 г. |
|
| 320 | _aБиблиогр.: с. 113-115 (89 назв.) | ||
| 700 | 1 |
_aДубнова _bЕ.З. _gЕлена Зиновьевна |
|
| 801 | 0 |
_aRU _bNLR _gpsbo |
|
| 801 | 1 |
_aRU _bELAR _2rusmarc |
|
| 852 |
_aNLR _j90-5/2502 |
||
| 942 | _cBOOK | ||
| 980 | _aNB | ||